000 00658nam a2200241Ia 4500
003 OSt
005 20220918105545.0
006 a|||||r|||| 00| 0
007 ta
008 220915b |||||||| |||| 00| 0 hin d
024 _a57085
037 _cReference Collections
040 _aARTS
_cARTS
_bhin
041 _2hin
_ahin
082 _aP15, 152N5 (RR)
100 _aShakir Ali
_92224
245 0 _aYukti kalpataru
_b ek alonhanatmak adhyayan
260 _aBhojpur
_bPreeti Prak
_c1995
300 _a263p.
650 _aLINGUISTICS
942 _hP15, 152N5 (RR)
_cREF
999 _c108087
_d108087